Narrativa de José María Rivas Groot: Algunas aproximaciones filológicas-estilísticas

Saved in:
Bibliografiske detaljer
Hovedforfatter: Mercado Cardona, Homero (autor)
Format: Bog
Sprog:spansk
Udgivet: Bogotá Instituto Caro y Cuervo 1999
Serier:Series Minor, 39
Fag:
Tags: Tilføj Tag
Ingen Tags, Vær først til at tagge denne postø!

MARC

LEADER 00000nam a2200000 a 4500
001 UCK4832
003 CL-VaPUC
008 050624e19990000CK |||||||||||||||||spa|d
082 0 4 |a Co863.09  |b MER  |2 21 
100 |a Mercado Cardona, Homero  |e autor  |9 493457 
245 1 0 |a Narrativa de José María Rivas Groot: Algunas aproximaciones filológicas-estilísticas 
300 |a 172 p 
942 |c BK 
945 |d 20050624 00:00:00  |a jcarroza 
260 |a Bogotá  |b Instituto Caro y Cuervo  |c 1999 
600 0 7 |a RIVAS GROOT, JOSE MARIA  |2 CL-VaPUC  |9 453341 
650 0 |a Literatura colombiana   |9 315578 
650 7 |a ESCRITORES COLOMBIANOS  |2 CL-VaPUC  |9 493458 
650 0 |a Crítica e interpretación   |9 255042 
583 |a last modification  |c 20050624 00:00:00  |k Rodrigo Vera 
490 0 |a Series Minor, 39 
999 |c 313575  |d 313573 
952 |0 0  |1 0  |4 0  |6 CO_863_090000000000000_MER_1999  |7 0  |8 A  |9 384995  |a BIBEDU  |b BIBEDU  |d 2019-11-22  |i 412216K  |o Co863.09 MER 1999  |p 412216K  |r 2019-11-22  |w 2019-11-22  |y BK  |k LIT